000
00311nam a22001337a 4500
008
171003b xxu||||| |||| 00| 0 eng d
020
_a
9780880483537
041
_a
eng
080
_a
159.9
100
_a
48
101
_a
PSI
245
_a
THE MOLECULAR FOUNDATIONS OF PSYCHIATRY
_c
HYMAN,S.E
942
_2
udc
_c
BK
999
_c
31480
_d
31480